|
|
|
|
| LEADER |
00000nab a2200000 a 4500 |
| 001 |
vtls000410941 |
| 003 |
SK-MaSNL |
| 005 |
20260303204640.0 |
| 008 |
120925c1991 xo 0 slo |
| 015 |
|
|
|a SNBRB19rr/mm-uuuuu
|
| 035 |
|
|
|a CL0411065
|
| 040 |
|
|
|a SNKBUCL
|b slo
|c SNKBUCL
|e AACR2
|
| 041 |
0 |
|
|a slo
|
| 044 |
|
|
|a xo
|c SK
|
| 080 |
|
|
|a 904:728.8
|2 1981
|
| 080 |
|
|
|a 728.8
|2 1981
|
| 100 |
1 |
|
|a Haviar, Štefan,
|d 1949-
|4 aut
|9 226205
|
| 245 |
1 |
0 |
|a Kaštieľ ako kalendár
|c Štefan Haviar
|
| 300 |
|
|
|b Fot. 3.
|
| 610 |
2 |
7 |
|a Svätý Anton (Slovensko : kaštieľ)
|2 snkbucl
|9 172285
|
| 650 |
0 |
7 |
|a kaštiele
|2 snkbucl
|9 28599
|
| 655 |
|
7 |
|a články z novín a časopisov
|2 snkbucl
|9 267496
|
| 773 |
0 |
|
|t Slovensko
|g Roč. 15, č. 3 (1991), s. 12-13
|
| 850 |
|
|
|a Slovenská národná knižnica v Martine
|a MTA001
|
| 852 |
|
|
|a SNK
|b KIS3GCP
|
| 958 |
|
|
|a RK
|
| 992 |
|
|
|a RBX
|
| 999 |
|
|
|c 2190913
|d 2192843
|